KOHA-Header-6

Management (Record no. 9332)

000 -LEADER
fixed length control field 00243nam a2200109Ia 4500
100 ## - MAIN ENTRY--AUTHOR NAME
Personal name Bovee Thill
245 #0 - TITLE STATEMENT
Title Management
260 ## - PUBLICATION, DISTRIBUTION, ETC. (IMPRINT)
Place of publication New Delhi
Name of publisher Addison
Year of publication 2005
300 ## - PHYSICAL DESCRIPTION
Number of Pages 436
942 ## - ADDED ENTRY ELEMENTS (KOHA)
Koha item type Books
Holdings
Withdrawn status Lost status Collection code Permanent Location Current Location Shelving location Date acquired Full call number Accession Number Koha item type
    Management MAJU MAJU   2019-09-14 320.973 4936 Management

Powered by Koha